1881 1217 1101 1693 1246 1092 1074 1394 1268 1213 1531 1280 1535 1919 1253 1988 1330 1599 1526 1890 1773 1286 1699 1613 1263 1383 1975 1666 1970 1120 1916 1357 1311 1678 1248 1610 1549 1869 1575 1213 1307 1633 1260 1791 1885 1453 1018 1046 1768 1167 1291 1037 1673 1087 1387 1086 1898 1975 1018 1389 1677 1704 1653 1025 1474 1436 1970 1605 1379 1890 1993 1459 1695 1048 1200 1616 1279 1573 1069 1353 1790 1308 1262 1400 1605 1408 1265 1487 1301 1672 1974 1379 1608 1185 1549 1221 1327 1098 1443 BCNSPRNW ULIB Ver.6.0+V

เปลี่ยนเป็นภาษาไทย

Change to English
 แสดงรายละเอียดบรรณานุกรม
  กลับหน้าหลัก

Brief Record : Get Marc (ISO 2709) : E-mail record : QR code < ปิดหน้าต่าง
LEADER : 00000nam 2200000uu 4500
001    13399111904
003     ULIB
008    110712s2552||||th 000 0 tha d
024    9786160600663
090    นว.^bR111C 2552
100 0  Rose Quartz
245 00 Champpion s story บุพเพรักกิ๊กกั๊กหัวใจ/cRose Quartz
260    กรุงเทพฯ:^bแจ่มใส,^c2552
300    204 หน้า.
945    ^p149^l0^i026772
995    เกษร
999 ^a ใช้งานได้ทุกระบบ
รายการนี้ยังไม่มีแท็ก
คุณยังไม่ได้ล็อกอิน คุณสามารถมีกิจกรรมร่วมกับเว็บไซต์ได้ แต่ต้องล็อกอินก่อน ::
  ล็อกอิน

รายการสื่อสารสนเทศ

ลำดับที่ ประเภท เลขเรียก/บาร์โค้ด สถานที่ สถานะ
1. นวนิยาย
นวนิยาย
นว. R111C 2552  
  Barcode: 026772
ห้องสมุดวิทยาเขตสวรรค์ประชารักษ์
►นวนิยาย
บนชั้น
  ขอยืม

BibComment


ยังไม่เคยถูกคอมเมนท์

คอมเมนท์ทรัพยากรรายการนี้
  คอมเมนท์: Champpion s story..


 Copyright 2026. Bcnsprnw @Library